000 nam a22 7a 4500
999 _c126355
_d126355
008 170324b xxu||||| |||| 00| 0 eng d
050 _aLC268.E357 1999
100 _aHalstead, J. Mark ed.
_929586
245 _aEducation in morality
_cMark J. Halstead and Trence H. McLaughlin
260 _aLondon
_bRoutledge
_c1999
300 _aviii, 276p. ;
_c24cm.
440 _aRoutledge international studies in the philosophy of education
_929587
650 _aMoral education
_929588
700 _aTerence H. McLauhlin ed.
_929589
942 _2lcc
_cMONOGRAPH